00542nam a2200181Ia 450000500170000000800410001702000230005804000190008104100120010008200170011210000160012924500650014526000360021030000150024650400630026165000260032485000100035020221122121610.0131103s9999 xx 000 0 und d a8185094527cRs.350 aLoreto College aEnglish a954.03 bSEN aSen,Snigdha 4aThe historiography of the Indian revolt of 1857cSnigdha Sen aCalcuttabPunthi - Pustakc1992 axi,304 p.  aIncludes index and bibliographical references and appendix aModern Indian History aLCLIB